Responses for Show #1015 - Friday, January 20, 1989

Brian Wangsgard game 1.

Contestants

[<< previous game]

Brian Wangsgard, a senior marketing representative from Redlands, California

Chris Keyser, a writer originally from New York

Michael Herman, an arts management consultant originally from Houston, Texas (whose 2-day cash winnings total $12,400)

[next game >>]

Jeopardy! Round responses

SCIENCE
FOOTBALL
FASHION
AMERICAN REVOLUTION
COUNTRY CROONERS
MORTAL MATTERS
    $100 17
ostrich

Chris
    $100 16
Canton

Brian
    $100 25
just about anything

Brian
    $100 1
tea

Michael
    $100 6
Marty Robbins

Michael
    $100 11
lifesaver

Michael
    $200 20
(Michael: What's the pistil?)

stamen

MichaelBrian
    $200 18
baseball

Chris
    $200 27
...
(Alex: [*] for wetsuits, yes.)

scuba diving

Chris
    $200 2
France

Michael
    $200 7
Tammy Wynette

Michael
    $200 12
Lenin

Michael
    $300 22
sterling silver

Triple Stumper
    $300 19
Buffalo Bills

Brian
    $300 28
athletic shoes

Michael
    $300 3
George Washington

Brian
    $300 8
Crash

Michael
    $1,000 13
Hippocratic Oath

Michael
    $400 23
Leyden jar

Brian
    $400 21
(Chris: Who is Stabler?)

George Blanda

ChrisBrian
    $400 29
Spain

Michael
    $400 4
Ticonderoga

Michael
    $400 9
Randy Travis

Michael
    $400 14
Die Hard

Chris
    $500 24
(Sir Henry) Bessemer

Michael
    $500 26
(Chris: Who is Vince Lombardi?)
...
(Alex: There were 17 of them, so I'm glad you picked the right one.)

George Halas

ChrisBrian
    $500 30
trunk show

Chris
    $500 5
West Point

Michael
    $500 10
...
(Alex: You did well in that Country Crooners category. [Applause for the run.] Originally from Houston, that's where you got your love for that kind of music.)

Rosanne Cash

Michael
    $500 15
(Michael: What is mortality?)

immortality

Michael
Triple Stumper

Scores at the first commercial break (after clue 15):

Michael Chris Brian
$3,500 $400 $300

Scores at the end of the Jeopardy! Round:

Michael Chris Brian
$4,500 $500 $2,300

Double Jeopardy! Round responses

20th CENTURY PERSONALITIES
ACTRESSES & ROLES
EGYPT
AVIATION
POETS
IN THE DICTIONARY
    $200 2
Harry Houdini

Michael
    $200 1
Marie Osmond

Brian
    $200 8
Nile

Brian
    $200 10
Miami

Michael
    $200 25
Disraeli

Michael
    $200 12
horse

Michael
    $400 6
Prince Andrew (Duke of York)

Michael
    $400 3
Gigi

Chris
    $400 9
Farouk

Brian
    $400 16
Red Square

Brian
    $400 26
Henry Wadsworth Longfellow

Triple Stumper
    $400 13
horror

Brian
    $600 11
Joseph McCarthy

Michael
    $600 4
Raiders of the Lost Ark

Chris
    $1,000 19
(1 of) Cheops (Khufu) or (Khefren and Mykerinos)

Brian
    $600 21
fuselage

Brian
    $600 27
...
(Alex: The Divine Comedy.)

Dante

Michael
    $600 14
[ERRATUM: Clue was to have read "to."]

jerking

Michael
    $1,500 17
George Marshall

Brian
    $800 5
Rome

Brian
    $800 24
Sinai

Michael
    $800 22
Denver

Brian
    $800 28
Keats

Chris
    $800 15
obfuscate

Brian
    $1000 18
George Romney

Brian
    $1000 7
Michelle Pfeiffer

Chris
    $1000 30
boat

Triple Stumper
    $1000 23
(Chris: What is Orly?)

La Bourget

ChrisBrian
    $1000 29
Samuel Taylor Coleridge

Michael
    $1000 20
(Chris: What is odeal?)

odalisque

Chris
Triple Stumper

Scores at the end of the Double Jeopardy! Round:

Michael Chris Brian
$9,300 $1,300 $11,400

[wagering suggestions for these scores]

Final Jeopardy! Round responses

U.S. STATES
[After acknowledging Chris as correct, Alex held up the license plate to show the biplane near the top by "First in Flight". The plate's license number was "SAMPLE". On the bottom of the plate was [*].]
ChrisWhat is North Carolina
$1,299
MichaelWhat is North Carolina?
$9,300
BrianWhat is N. Carolina?
$8,000
North Carolina

Final scores:

Michael Chris Brian
$18,600 $2,599 $19,400
2nd place: trip on Eastern to St. Martin & Windjammer Barefoot Cruises cruise 3rd place: Dykstra glass grandfather clock New champion: $19,400

Game dynamics:

Coryat scores:

Michael Chris Brian
$8,600 $1,300 $10,300
25 R
(including 1 DD),
2 W
9 R,
4 W
21 R
(including 2 DDs),
0 W

Combined Coryat: $20,200

[game clues] [game scores] [suggest correction]

Game tape date: 1988-10-11
The J! Archive is created by fans, for fans. Scraping, republication, monetization, and malicious use prohibited; this site may use cookies and collect identifying information. See terms. The Jeopardy! game show and all elements thereof, including but not limited to copyright and trademark thereto, are the property of Jeopardy Productions, Inc. and are protected under law. This website is not affiliated with, sponsored by, or operated by Jeopardy Productions, Inc. Join the discussion at JBoard.tv.